El Evangelio según Juan (1-12)

Salvato in:
Dettagli Bibliografici
Autore principale: Zumstein, Jean (Autore)
Natura: Libro
Lingua:spagnolo
Pubblicazione: Salamanca, España Ediciones Sígueme 2016
Serie:Biblioteca de Estudios Bíblicos, 152
Soggetti:
Tags: Aggiungi Tag
Nessun Tag, puoi essere il primo ad aggiungerne!!

MARC

LEADER 00000cam a2200000 a 4500
001 UCD5255
003 CL-VaPUC
005 20241107130639.0
008 160819e20160000sp |||||||||||||||||spa|d
020 |a 9788430119240 
040 |c Pontificia Universidad Católica de Valparaíso 
082 0 4 |a 226.5 ZUM 2016  |2 21 
100 |a Zumstein, Jean  |e author  |9 589004 
245 1 3 |a El Evangelio según Juan (1-12) 
260 |a Salamanca, España   |b Ediciones Sígueme  |c 2016 
300 |a 543 páginas  
490 0 |a Biblioteca de Estudios Bíblicos, 152 
583 |a last modification  |c 20160819 12:52:00  |k Rodrigo Vera 
600 0 |a San Juan Evangelista   |9 337229 
650 0 |a Nuevo testamento  |9 257604 
650 0 |a Evangelios  |9 314864 
650 0 |a Evangelistas  |9 315131 
942 |c BK  |2 ddc 
945 |d 20160819 12:52:00  |a dcastane 
999 |c 365981  |d 365979 
952 |0 0  |1 0  |3 erd  |4 0  |6 226_500000000000000_ZUM_2016  |7 0  |8 A  |9 479976  |a BIBTEO  |b BIBTEO  |i 5338905  |o 226.5 ZUM 2016  |p 5338905  |r 2025-01-17  |w 2019-11-24  |y BK  |z Catalogado en:20160819  |k ICR 
952 |0 0  |1 0  |3 erd  |4 0  |6 226_500000000000000_ZUM_2016  |7 0  |8 A  |9 479977  |a BIBTEO  |b BIBTEO  |d 2019-08-13  |e 8  |g 9134.00  |i 5559332  |l 2  |o 226.5 ZUM 2016  |p 5559332  |r 2025-01-17  |s 2024-05-06  |v 9134.00  |w 2019-11-24  |y BK  |z Catalogado en:20190814  |k ICR